Budget deficit and fiscal administration in selected Sub-Saharan African Countries

Analýza vzťahu rozpočtových výkonov s fiškálnymi vo vybraných krajinách subsaharskej Afriky (12 krajín v subsaharskej Afrike za obdobie 2002 - 2016).

Guardado en:
Detalles Bibliográficos
Autor principal: Ezinando, Emenike Edwin Ekenechukwu
Otros Autores: Jeroh, Edirin
Formato: Capítulo de libro
Lenguaje:inglés
Materias:
Etiquetas: Agregar Etiqueta
Sin Etiquetas, Sea el primero en etiquetar este registro!

MARC

LEADER 00000naa a2200000 4500
001 0237835
005 20220805080219.3
041 0 |a eng 
044 |a CZ 
245 1 0 |a Budget deficit and fiscal administration in selected Sub-Saharan African Countries  |c Emenike Edwin Ekenechukwu Ezinando, Edirin Jeroh 
520 |a Analýza vzťahu rozpočtových výkonov s fiškálnymi vo vybraných krajinách subsaharskej Afriky (12 krajín v subsaharskej Afrike za obdobie 2002 - 2016). 
610 2 0 |a deficit rozpočtový 
610 2 0 |a správa daňová 
610 2 0 |a politika rozpočtová 
610 2 0 |a politika fiškálna 
610 2 0 |a Subsahara 
610 2 0 |a Afrika 
100 1 |a Ezinando, Emenike Edwin Ekenechukwu 
700 1 |a Jeroh, Edirin